Capital multiple Anwers quiz. 1 - Statistics

General Stats
  • This quiz has been taken 14 times
  • The average score is 9 of 10
Answer Stats
Question Answer % Correct
What is the capital of Paraguay Asuncion
100%
What is the capital of Lebanon Beirut
100%
What is the capital of Norway Oslo
100%
What is the capital of Poland Warsaw
100%
What is the capital of Algeria Algiers
93%
What is the capital of Kosovo Pristina
86%
What is the capital of Fiji Suva
86%
What is the capital of laos Vientiane
86%
What is the capital of Kazakistan Nur-Sultan (Astana)
79%
What is the capital of the D.R.C Kinshasa
71%
No matching quizzes found
Score Distribution
Percent of People with Each Score
Percentile by Number Answered
Your Score History
You have not taken this quiz